|
|
|
|
| LEADER |
00000cam a2200000 7i4500 |
| 001 |
0000018643 |
| 005 |
20070212.0 |
| 020 |
|
|
|a 1843530945
|
| 040 |
|
|
|a INS
|
| 090 |
0 |
0 |
|a DS591.5
|b D45 2006
|
| 100 |
1 |
|
|a De Ledesma, Charles
|
| 245 |
1 |
4 |
|a The rough guide to Malaysia, Singapore & Brunei
|c written and researched by Charles de Ledesma, Mark Lewis and Pauline Savage
|
| 250 |
|
|
|a 4th ed.
|
| 260 |
|
|
|a New York :
|b Rough Guides ,
|c [2006]
|
| 300 |
|
|
|a xxiv, 797 p. :
|b ill. ;
|c 20 cm.
|
| 500 |
|
|
|a Includes index
|
| 651 |
|
0 |
|a Brunei
|x Guidebooks
|
| 651 |
|
0 |
|a Malaysia
|x Guidebooks
|
| 651 |
|
0 |
|a Singpore
|x Guidebooks
|
| 700 |
0 |
|
|a Lewis, Mark
|
| 700 |
0 |
|
|a Savage, Pauline
|
| 999 |
|
|
|a 0000018261
|b BOOK
|c Open Shelf
|e Default branch
|
| 999 |
|
|
|a 0000018465
|b BOOK
|c Open Shelf
|e Default branch
|